000 00446nam a2200193Ia 4500
003 OSt
005 20251211131522.0
008 250729s2000 xx 000 0 und d
040 _cAL
041 _aeng
082 _a900.3 GANW
100 _aGanneri Anita
_9226780
245 _aWorld hstory encyclopedia
260 _aSpain
_c2000
300 _a255p
650 _aHistory
_9226781
700 _aRao Digumurthi
_9226782
942 _2ddc
_cBED
999 _c237420
_d237420